000 00687nam a2200217Ii 4500
003 JO-AjNU
008 230605s9999||||xx |||||||||||||| ||und||
017 _a81/3149
020 _a977
040 _aJO-AjNU
_bara
_erda
_cJO-AjNU
041 _aara
050 1 4 _aBP173.6.B3 1981
100 3 _aالبقري، أحمد ماهر,
_eauthor
_917749
245 0 0 _aالقيادة وفعاليتها في ضوء الإسلام
264 3 1 _aالاسكندرية: مؤسسة شباب الجامعة، 1981
300 _a161ص
336 _atext
_btxt
_2rdacontent
337 _aunmediated
_bn
_2rdamedia
338 _avolume
_bnc
_2rdacarrier
650 4 _aالاسلام- القيادة
_917750
999 _aA5549
_c9117
_d9117